Elements de mecanique des sols

Kaydedildi:
Detaylı Bibliyografya
Yazar: Schlosser, Francois (Yazar)
Materyal Türü: Kitap
Dil:Fransızca
Baskı/Yayın Bilgisi: París Presses de l'Ecole Nationale des Ponts et Chaussées 1988
Konular:
Etiketler: Etiketle
Etiket eklenmemiş, İlk siz ekleyin!

MARC

LEADER 00000nam a2200000 a 4500
001 UCV5683
003 CL-VaPUC
008 881229e19880000FR |||||||||||||||||fre|d
082 0 4 |a 624.151  |b SCH  |2 21 
100 0 |a Schlosser, Francois  |e author  |9 299967 
245 1 0 |a Elements de mecanique des sols 
300 |a 276 p 
942 |c BK 
945 |d 19881229 00:00:00 
260 |a París  |b Presses de l'Ecole Nationale des Ponts et Chaussées  |c 1988 
650 0 |a Mecánica de suelos  |9 260278 
583 |a last modification  |c 19881229 00:00:00  |k Rodrigo Vera 
999 |c 212098  |d 212096 
952 |0 0  |1 0  |4 0  |6 624_151000000000000_SCH_1988  |7 0  |8 A  |9 192508  |a BIBING  |b BIBING  |d 2019-11-14  |i 2600005  |o 624.151 SCH 1988  |p 2600005  |r 2025-01-20  |w 2019-11-14  |y BK  |k CCL